000
00379nam a2200133Ia 4500
008
100328s9999 xx 000 0 und d
082
_b
29292
100
_a
आपटे ह.ना.
245
_a
माली स्थिति
260
_b
आर्यभूषण
630
_a
माली स्थिति
730
_a
माली स्थिति
942
_c
BOOK
999
_c
520334
_d
520331